América Latina y el colonialismo europeo : (Record no. 96804)

MARC details
000 -CABECERA
campo de control de longitud fija 00574nam a2200193 a 4500
005 - FECHA Y HORA DE LA ÚLTIMA TRANSACCIÓN
campo de control 20250307063826.0
008 - ELEMENTOS DE LONGITUD FIJA--INFORMACIÓN GENERAL
campo de control de longitud fija 030526s1992 mx r 000 0 spa d
020 ## - NÚMERO INTERNACIONAL NORMALIZADO PARA LIBROS
Número Internacional Estándar del Libro 8477381658
035 ## - NÚMERO DE CONTROL DEL SISTEMA
Número de control de sistema UPN01000124625
049 ## - COLECCIÓN
Colección CG
050 #4 - SIGNATURA TOPOGRÁFICA DE LA BIBLIOTECA DEL CONGRESO
Número de clasificación F1411
Número de documento/Ítem P4.2
100 1# - ASIENTO PRINCIPAL--NOMBRE PERSONAL
Nombre de persona Pérez Herrero, Pedro
245 10 - MENCIÓN DE TÍTULO
Título América Latina y el colonialismo europeo :
Resto del título siglos XVI-XVIII /
Mención de responsabilidad, etc. Pedro Pérez Herrero.
260 ## - PUBLICACIÓN, DISTRIBUCIÓN, ETC.
Lugar de publicación, distribución, etc. Madrid :
Nombre del editor, distribuidor, etc. Síntesis,
Fecha de publicación, distribución, etc. 1992.
300 ## - DESCRIPCIÓN FÍSICA
Extensión 280 p.
440 #0 - MENCIÓN DE SERIE/ASIENTO SECUNDARIO--TÍTULO
Título Historia universal moderna ;
Designación de volumen o secuencia 14
651 #4 - ASIENTO SECUNDARIO DE MATERIA - NOMBRE GEOGRAFICO
Nombre geográfico América Latina
Subdivisión general Civilización
9 (RLIN) 2733
905 ## - TIPO DE MATERIAL
Tipo de material Libro
Holdings
Estado de retiro Estado de pérdida Fuente del sistema de clasificación o colocación Estado dañado No para préstamo Código de colección Localización permanente Ubicación/localización actual Ubicación en estantería Fecha de adquisición Total de préstamos Clasificación Código de barras Fecha visto por última vez Fecha del último préstamo Número de copia Tipo de ítem Koha En préstamo
    Library of Congress Classification     Colección General Bib. Gregorio Torres Quintero Bib. Gregorio Torres Quintero Planta baja 21/03/2024 15 F1411 P4.2 194193 08/04/2024 21/03/2024 1 Libro  
    Library of Congress Classification     Colección General Bib. Gregorio Torres Quintero Bib. Gregorio Torres Quintero Planta baja   8 F1411 P4.2 198507 14/04/2026 14/04/2026 1 Libro 28/04/2026
    Library of Congress Classification     Colección General Bib. Gregorio Torres Quintero Bib. Gregorio Torres Quintero Planta baja   12 F1411 P4.2 194192 31/12/2020   1 Libro